[Event "Jakarta Pertamina IM"]
[Site "Jakarta"]
[Date "2024.04.29"]
[Round "9"]
[White "Kosasih, Cecep"]
[Black "Itgelt, Khuyagtsogt"]
[Result "0-1"]
[WhiteElo "2372"]
[BlackElo "2408"]
[PlyCount "88"]
[EventDate "2024.04.23"]
[EventType "tourn"]
[EventRounds "11"]
[EventCountry "INA"]
[EventCategory "4"]
[SourceTitle "CBM 220 Extra"]
[Source "ChessBase"]
[SourceDate "2024.07.31"]
[SourceVersion "1"]
[SourceVersionDate "2024.07.31"]
[SourceQuality "1"]

1. d4 Nf6 2. Nf3 g6 3. c4 Bg7 4. Nc3 0-0 5. Bf4 d5 6. e3 c5 7. dxc5 Ne4 8. Be5 Nxc3 9. Bxc3 Bxc3+ 10. bxc3 Qa5 11. Qb3 dxc4 12. Bxc4 Qxc5 13. 0-0 Nc6 14. Be2 b6 15. Rfd1 Be6 16. Qb5 Qxb5 17. Bxb5 Rac8 18. Ng5 Nd8 19. h3 Rxc3 20. a4 Rc5 21. f4 Bd5 22. e4 Ba8 23. Rd7 h6 24. Nf3 Bxe4 25. Nd2 Bd5 26. Rxe7 Rc2 27. Rd1 Ne6 28. Bd3 Ra2 29. Ne4 Nxf4 30. Nf6+ Kg7 31. Nxd5 Nxd5 32. Bb1 Rxg2+ 33. Kxg2 Nxe7 34. Rd7 Nc6 35. Rc7 Ne5 36. Rxa7 Rd8 37. Ra6 Rd2+ 38. Kg3 Rb2 39. Be4 f5 40. Kf4 Kf6 41. Bd5 g5+ 42. Ke3 f4+ 43. Kd4 Rd2+ 44. Ke4 Nd7 0-1

[Event "Jakarta Pertamina IM"]
[Site "Jakarta"]
[Date "2024.04.27"]
[Round "7"]
[White "Hafiz, Arif Abdul"]
[Black "Kosasih, Cecep"]
[Result "1-0"]
[WhiteElo "2311"]
[BlackElo "2372"]
[PlyCount "65"]
[EventDate "2024.04.23"]
[EventType "tourn"]
[EventRounds "11"]
[EventCountry "INA"]
[EventCategory "4"]
[SourceTitle "CBM 220 Extra"]
[Source "ChessBase"]
[SourceDate "2024.07.31"]
[SourceVersion "1"]
[SourceVersionDate "2024.07.31"]
[SourceQuality "1"]

1. e4 e5 2. Nc3 Nf6 3. f4 d5 4. fxe5 Nxe4 5. Qf3 Nxc3 6. dxc3 Be7 7. Bf4 0-0 8. 0-0-0 Bg5 9. Nh3 Bxh3 10. gxh3 Nc6 11. Kb1 Bxf4 12. Qxf4 Qe7 13. Rxd5 Rad8 14. Bg2 Rxd5 15. Bxd5 Qxe5 16. Qxe5 Nxe5 17. Bxb7 Rb8 18. Bg2 Kf8 19. a4 f5 20. Kc1 Ke7 21. b4 g5 22. Rd1 f4 23. Rd5 Kf6 24. Rc5 Re8 25. Rxc7 f3 26. Bf1 f2 27. Rxa7 Nf3 28. Bc4 Ne5 29. Bb5 h5 30. a5 g4 31. a6 Nf7 32. Rd7 Ra8 33. Rd2 1-0

[Event "Jakarta Pertamina IM"]
[Site "Jakarta"]
[Date "2024.04.24"]
[Round "2"]
[White "Kosasih, Cecep"]
[Black "Kurniawan, Muhamad Agus"]
[Result "1/2-1/2"]
[WhiteElo "2372"]
[BlackElo "2295"]
[PlyCount "138"]
[EventDate "2024.04.23"]
[EventType "tourn"]
[EventRounds "11"]
[EventCountry "INA"]
[EventCategory "4"]
[SourceTitle "CBM 220 Extra"]
[Source "ChessBase"]
[SourceDate "2024.07.31"]
[SourceVersion "1"]
[SourceVersionDate "2024.07.31"]
[SourceQuality "1"]

1. d4 Nf6 2. c4 e6 3. Nc3 Bb4 4. e3 0-0 5. Bd3 d6 6. Nge2 e5 7. 0-0 Bxc3 8. Nxc3 Nc6 9. Bc2 Bg4 10. f3 Bd7 11. a3 Ne7 12. e4 Nh5 13. Be3 Ng6 14. Qd2 Be6 15. b3 a6 16. Rad1 Qb8 17. Ne2 Qc8 18. Kh1 Re8 19. d5 Bd7 20. g4 Nf6 21. Ng3 Kh8 22. Bg5 Ng8 23. Nf5 h6 24. Be3 Qd8 25. Rg1 Nf4 26. Bxf4 exf4 27. Qxf4 Qg5 28. Qxg5 hxg5 29. Kg2 Bxf5 30. gxf5 f6 31. Kf2 Nh6 32. h4 gxh4 33. Rh1 Kg8 34. Rxh4 Kf7 35. Rdh1 a5 36. f4 Re7 37. Kf3 b6 38. R4h2 Rh8 39. Rg2 Ra8 40. Rhg1 Kf8 41. Rg6 Rae8 42. R1g2 Rf7 43. Bd3 Rfe7 44. Re2 Kf7 45. Rg1 Kf8 46. Ra1 Nf7 47. Bc2 Nh6 48. Rae1 Nf7 49. Re3 Ra8 50. Bd1 Nh6 51. Kf2 Ke8 52. Bh5+ Kd7 53. Kf3 Rh8 54. Bg6 Rf8 55. Rg1 Rh8 56. Re2 Ng8 57. Kg3 Nh6 58. Rge1 Rf8 59. Kf3 Rh8 60. Ra1 Ra8 61. Rh1 Rf8 62. Rg2 Rh8 63. Rg3 Kd8 64. Rgh3 Kd7 65. R3h2 Rb8 66. Rc2 Rh8 67. Rch2 Rb8 68. Rc1 Rh8 69. Rch1 Rb8 1/2-1/2

[Event "ASEAN Circuit GM-A"]
[Site "Tarakan"]
[Date "2008.01.17"]
[Round "9"]
[White "Kosasih, Cecep"]
[Black "Zhang, Zhong"]
[Result "0-1"]
[WhiteElo "2408"]
[BlackElo "2617"]
[PlyCount "46"]
[EventDate "2008.01.08"]
[EventType "tourn"]
[EventRounds "11"]
[EventCountry "INA"]
[EventCategory "8"]
[SourceTitle "CBM 122 Extra"]
[Source "ChessBase"]
[SourceDate "2008.03.04"]
[SourceVersion "1"]
[SourceVersionDate "2008.03.04"]
[SourceQuality "1"]

1. e4 c5 2. Nf3 d6 3. d4 cxd4 4. Nxd4 Nf6 5. Bd3 g6 6. 0-0 Bg7 7. c3 0-0 8. f4 e5 9. fxe5 dxe5 10. Nf3 Nbd7 11. Qe2 b6 12. Nbd2 Nc5 13. Bc4 Qc7 14. Kh1 Bb7 15. Ng5 h6 16. b4 Na4 17. Nxf7 Rxf7 18. Bxf7+ Qxf7 19. Qd3 Qd7 20. Qg3 Kh7 21. Re1 Rc8 22. Nf3 Nxe4 23. Qh4 Naxc3 0-1

[Event "ASEAN Circuit GM-A"]
[Site "Tarakan"]
[Date "2008.01.15"]
[Round "7"]
[White "Nouri, Hamed"]
[Black "Kosasih, Cecep"]
[Result "1-0"]
[WhiteElo "2404"]
[BlackElo "2408"]
[PlyCount "83"]
[EventDate "2008.01.08"]
[EventType "tourn"]
[EventRounds "11"]
[EventCountry "INA"]
[EventCategory "8"]
[SourceTitle "CBM 122 Extra"]
[Source "ChessBase"]
[SourceDate "2008.03.04"]
[SourceVersion "1"]
[SourceVersionDate "2008.03.04"]
[SourceQuality "1"]

1. e4 c5 2. Nc3 a6 3. g3 b5 4. Bg2 Bb7 5. Nge2 e6 6. 0-0 d6 7. d4 cxd4 8. Nxd4 Nf6 9. Re1 Qc7 10. a4 b4 11. Na2 e5 12. Nf5 g6 13. Nh6 Nc6 14. Bg5 Bg7 15. c3 bxc3 16. bxc3 Nd8 17. Nb4 a5 18. Bxf6 Bxf6 19. Nd5 Bxd5 20. Qxd5 Qc6 21. Qd2 Be7 22. Bf1 Kf8 23. h4 Kg7 24. Ng4 h5 25. Ne3 Ne6 26. Nd5 Bd8 27. Reb1 Nc5 28. Qe3 Qc8 29. Kh2 Rf8 30. Bh3 Qc6 31. Rd1 Rb8 32. Ra2 Nxa4 33. f4 Nb2 34. Rda1 Nc4 35. Qf3 exf4 36. gxf4 Bxh4 37. Rg1 Rh8 38. Bf1 Rb2+ 39. Rxb2 Nxb2 40. f5 Qe8 41. f6+ Kh7 42. Ne7 1-0

[Event "ASEAN Circuit GM-A"]
[Site "Tarakan"]
[Date "2008.01.09"]
[Round "2"]
[White "Kosasih, Cecep"]
[Black "So, Wesley"]
[Result "1/2-1/2"]
[WhiteElo "2408"]
[BlackElo "2526"]
[PlyCount "93"]
[EventDate "2008.01.08"]
[EventType "tourn"]
[EventRounds "11"]
[EventCountry "INA"]
[EventCategory "8"]
[SourceTitle "CBM 122 Extra"]
[Source "ChessBase"]
[SourceDate "2008.03.04"]
[SourceVersion "1"]
[SourceVersionDate "2008.03.04"]
[SourceQuality "1"]

1. e4 c5 2. Nf3 Nc6 3. d4 cxd4 4. Nxd4 Nf6 5. Nc3 e5 6. Nxc6 bxc6 7. Bd3 Bb4 8. 0-0 0-0 9. f4 d5 10. fxe5 Ng4 11. Bf4 Bxc3 12. bxc3 Qb6+ 13. Kh1 Nf2+ 14. Rxf2 Qxf2 15. Bg3 Qc5 16. exd5 Qxd5 17. Qe2 Be6 18. h3 f5 19. exf6 Rxf6 20. Kh2 Raf8 21. a4 Kh8 22. Rd1 Qg5 23. Qe5 Qxe5 24. Bxe5 R6f7 25. Rb1 Bf5 26. a5 h6 27. a6 Bxd3 28. cxd3 c5 29. Rb7 Kg8 30. d4 Re8 31. h4 h5 32. g4 hxg4 33. Kg3 Re6 34. Rb8+ Rf8 35. Rb7 Rf7 36. Rb8+ Kh7 37. Rb7 Ree7 38. Rb5 cxd4 39. cxd4 Re6 40. Rb7 Kg8 41. Rb8+ Rf8 42. Rb7 Rg6 43. Rxa7 Rf3+ 44. Kg2 Ra3 45. h5 Raxa6 46. Rxa6 Rxa6 47. Kg3 1/2-1/2

[Event "Dubai op 06th"]
[Site "Dubai"]
[Date "2004.04.21"]
[Round "3"]
[White "Ghaem Maghami, Ehsan"]
[Black "Kosasih, Cecep"]
[Result "1/2-1/2"]
[WhiteElo "2558"]
[BlackElo "2406"]
[PlyCount "66"]
[EventDate "2004.04.19"]
[EventType "swiss"]
[EventRounds "9"]
[EventCountry "UAE"]
[SourceTitle "CBM 101"]
[Source "ChessBase"]
[SourceDate "2004.07.27"]
[SourceVersion "1"]
[SourceVersionDate "2004.07.27"]
[SourceQuality "1"]

1. c4 c6 2. e4 d5 3. exd5 cxd5 4. cxd5 Qxd5 5. Nc3 Qd8 6. d4 Nf6 7. Nf3 e6 8. Bd3 Be7 9. 0-0 0-0 10. Bg5 Nc6 11. a3 g6 12. Bc4 Nd5 13. Bxd5 exd5 14. Bxe7 Nxe7 15. Qb3 b6 16. Rfe1 Bg4 17. Ne5 Be6 18. Rad1 Rc8 19. Nb5 a6 20. Nc3 Qd6 21. Na4 Rb8 22. Rc1 Rfc8 23. Rxc8+ Rxc8 24. Qxb6 Qxb6 25. Nxb6 Rc2 26. Na4 Nf5 27. Nf3 Nd6 28. Nc5 Rxb2 29. h3 Bf5 30. Nxa6 Kg7 31. Nb4 Ne4 32. Nxd5 Nxf2 33. Ne3 Be4 1/2-1/2

[Event "Wismilak"]
[Site "Surabaya"]
[Date "2002.07.27"]
[Round "8"]
[White "Kosasih, Cecep"]
[Black "Nay, Oo Kyaw Tun"]
[Result "1-0"]
[WhiteElo "2422"]
[BlackElo "2504"]
[PlyCount "73"]
[EventDate "2002.07.22"]
[EventType "tourn"]
[EventRounds "11"]
[EventCountry "IND"]
[EventCategory "8"]
[SourceTitle "CBM 089 Extra"]
[Source "ChessBase"]
[SourceDate "2002.09.10"]
[SourceVersion "2"]
[SourceVersionDate "2002.09.10"]
[SourceQuality "1"]

1. d4 d5 2. Nf3 Nf6 3. g3 c6 4. Bg2 Bg4 5. 0-0 Nbd7 6. c4 e6 7. Nc3 Be7 8. b3 0-0 9. Bb2 Qb6 10. Ne5 Bf5 11. h3 Rfd8 12. c5 Qc7 13. g4 Bg6 14. f4 Nxe5 15. fxe5 Nd7 16. e4 dxe4 17. Qe2 f5 18. Qc4 Kh8 19. Qxe6 Nf8 20. Qc4 fxg4 21. hxg4 Qd7 22. Rae1 Bh4 23. Rxe4 Bxe4 24. Nxe4 Ne6 25. Nd6 Rf8 26. Nf5 Bg5 27. d5 cxd5 28. Bxd5 Nc7 29. Bxb7 Rad8 30. Bf3 Rxf5 31. gxf5 Be3+ 32. Kh1 Qxf5 33. Qg4 Qxg4 34. Bxg4 Bxc5 35. Rf7 Nd5 36. e6 Nf6 37. Rxf6 1-0

[Event "Wismilak"]
[Site "Surabaya"]
[Date "2002.07.22"]
[Round "1"]
[White "Kosasih, Cecep"]
[Black "Handoko, Edhi"]
[Result "0-1"]
[WhiteElo "2422"]
[BlackElo "2431"]
[PlyCount "80"]
[EventDate "2002.07.22"]
[EventType "tourn"]
[EventRounds "11"]
[EventCountry "IND"]
[EventCategory "8"]
[SourceTitle "CBM 089 Extra"]
[Source "ChessBase"]
[SourceDate "2002.09.10"]
[SourceVersion "2"]
[SourceVersionDate "2002.09.10"]
[SourceQuality "1"]

1. d4 d5 2. Nf3 Nf6 3. c4 e6 4. g3 c6 5. Qc2 Nbd7 6. Bg2 Bd6 7. 0-0 0-0 8. Nbd2 Re8 9. a3 h6 10. b4 e5 11. dxe5 Nxe5 12. cxd5 Nxd5 13. Bb2 Bg4 14. Nd4 Rc8 15. Ne4 Bf8 16. Rfd1 a5 17. h3 Bh5 18. bxa5 Qxa5 19. Nf3 Nxf3+ 20. exf3 f5 21. Nc3 Nb6 22. Ne2 Qa4 23. Rd2 Qxc2 24. Rxc2 Bf7 25. h4 Nc4 26. Bf1 Rcd8 27. a4 Nd2 28. Bc3 Nxf1 29. Kxf1 b5 30. axb5 cxb5 31. f4 b4 32. Be5 Kh7 33. Ra7 Rd1+ 34. Kg2 Bd5+ 35. f3 b3 36. Rb2 Rd3 37. Ra5 Bxf3+ 38. Kf2 Be4 39. Nd4 Bb4 40. Rb5 Bc3 0-1

[Event "Manila zt 3.2a"]
[Site "Manila"]
[Date "2001.04.30"]
[Round "9"]
[White "Laylo, Darwin"]
[Black "Kosasih, Cecep"]
[Result "1/2-1/2"]
[WhiteElo "2383"]
[BlackElo "2420"]
[PlyCount "82"]
[EventDate "2001.04.24"]
[EventType "swiss"]
[EventRounds "9"]
[EventCountry "PHI"]
[SourceTitle "CBM 083"]
[Source "ChessBase"]
[SourceDate "2001.07.05"]
[SourceVersion "1"]
[SourceVersionDate "2001.07.05"]
[SourceQuality "1"]

1. d4 Nf6 2. Nf3 e6 3. Bg5 h6 4. Bh4 c5 5. c3 Nc6 6. e3 Qb6 7. Qb3 Qxb3 8. axb3 cxd4 9. Nxd4 Nxd4 10. exd4 Be7 11. Bd3 0-0 12. Na3 d5 13. Bg3 a6 14. b4 Bd7 15. h3 Ne4 16. Bh2 f5 17. Be5 a5 18. b5 Rac8 19. Ke2 b6 20. f3 Nd6 21. Bxd6 Bxd6 22. Nc2 f4 23. Kd2 Kf7 24. Ra4 Rc7 25. b4 axb4 26. Nxb4 Bxb4 27. Rxb4 Ra8 28. Rb2 Ra3 29. Rc1 Kf6 30. Rcc2 Ra1 31. c4 dxc4 32. Rxc4 Rxc4 33. Bxc4 e5 34. dxe5+ Kxe5 35. Kc3 Rc1+ 36. Kb4 Bf5 37. Re2+ Kd4 38. Rd2+ Ke3 39. Re2+ Kd4 40. Rd2+ Ke3 41. Re2+ Kd4 1/2-1/2

[Event "Manila zt 3.2a"]
[Site "Manila"]
[Date "2001.04.28"]
[Round "7"]
[White "Chong, Chor Yuen"]
[Black "Kosasih, Cecep"]
[Result "0-1"]
[WhiteElo "2200"]
[BlackElo "2420"]
[PlyCount "60"]
[EventDate "2001.04.24"]
[EventType "swiss"]
[EventRounds "9"]
[EventCountry "PHI"]
[SourceTitle "CBM 083"]
[Source "ChessBase"]
[SourceDate "2001.07.05"]
[SourceVersion "1"]
[SourceVersionDate "2001.07.05"]
[SourceQuality "1"]

1. d4 d5 2. c4 c6 3. Nf3 Nf6 4. Nc3 e6 5. e3 Bd6 6. Bd3 0-0 7. 0-0 Nbd7 8. b3 dxc4 9. bxc4 e5 10. Qc2 h6 11. Bb2 Re8 12. Ne4 Nxe4 13. Bxe4 exd4 14. exd4 Nf6 15. Bf5 Bxf5 16. Qxf5 Re2 17. Rab1 Qc8 18. Qd3 Re8 19. Rfe1 Qd7 20. Rbd1 b5 21. cxb5 cxb5 22. d5 Rxe1+ 23. Nxe1 Ne8 24. Nc2 Rc8 25. Ne3 a5 26. f3 Bf8 27. d6 Rd8 28. Qc3 b4 29. Qc5 Qa4 30. d7 Bxc5 0-1

[Event "Manila zt 3.2a"]
[Site "Manila"]
[Date "2001.04.26"]
[Round "4"]
[White "Kosasih, Cecep"]
[Black "Villamayor, Buenaventura"]
[Result "1/2-1/2"]
[WhiteElo "2420"]
[BlackElo "2560"]
[PlyCount "137"]
[EventDate "2001.04.24"]
[EventType "swiss"]
[EventRounds "9"]
[EventCountry "PHI"]
[SourceTitle "CBM 083"]
[Source "ChessBase"]
[SourceDate "2001.07.05"]
[SourceVersion "1"]
[SourceVersionDate "2001.07.05"]
[SourceQuality "1"]

1. d4 Nf6 2. Nf3 d5 3. c4 c6 4. Nc3 e6 5. Bg5 h6 6. Bxf6 Qxf6 7. e3 Nd7 8. Rc1 g6 9. Bd3 dxc4 10. Bxc4 Bg7 11. 0-0 0-0 12. e4 e5 13. d5 Nb6 14. dxc6 bxc6 15. Be2 Rd8 16. Qc2 Bg4 17. Nd2 h5 18. Bxg4 hxg4 19. Nb3 Bf8 20. Qe2 Qe6 21. Nd1 a5 22. Ne3 a4 23. Nc5 Bxc5 24. Rxc5 Nd7 25. Rc4 Nf6 26. Rfc1 Rd6 27. Qc2 a3 28. b4 Rad8 29. g3 Rd2 30. Qb3 R8d4 31. Qxa3 Nxe4 32. Rxc6 Qxa2 33. Qxa2 Rxa2 34. Nxg4 Rxb4 35. R6c4 Rxc4 36. Rxc4 Ng5 37. h4 Nf3+ 38. Kg2 Ne1+ 39. Kf1 Nd3 40. Rc3 Rd2 41. Nf6+ Kg7 42. Ne4 Rd1+ 43. Ke2 Nb2 44. Rc7 Kg8 45. Rb7 Rd4 46. Ng5 Na4 47. Rxf7 Nc3+ 48. Kf1 Ne4 49. Rc7 Nxg5 50. hxg5 Rd5 51. f3 Kf8 52. Rc6 Kf7 53. Rf6+ Kg7 54. Ra6 Kf7 55. Ke2 e4 56. f4 Rd3 57. Kf2 Rd2+ 58. Ke3 Rd3+ 59. Kxe4 Rxg3 60. Ra7+ Kg8 61. Ke5 Rb3 62. Rd7 Rb5+ 63. Rd5 Rb4 64. Rd4 Rb5+ 65. Kf6 Rb6+ 66. Ke7 Kg7 67. Rd7 Rb4 68. Ke6+ Kg8 69. Ke5 1/2-1/2

[Event "Manila zt 3.2a"]
[Site "Manila"]
[Date "2001.04.25"]
[Round "3"]
[White "Handoko, Edhi"]
[Black "Kosasih, Cecep"]
[Result "1/2-1/2"]
[WhiteElo "2447"]
[BlackElo "2420"]
[PlyCount "70"]
[EventDate "2001.04.24"]
[EventType "swiss"]
[EventRounds "9"]
[EventCountry "PHI"]
[SourceTitle "CBM 083"]
[Source "ChessBase"]
[SourceDate "2001.07.05"]
[SourceVersion "1"]
[SourceVersionDate "2001.07.05"]
[SourceQuality "1"]

1. e4 e5 2. Nf3 Nc6 3. d4 exd4 4. Nxd4 Nf6 5. Nxc6 bxc6 6. e5 Qe7 7. Qe2 Nd5 8. c4 Nb6 9. Nd2 a5 10. g3 Qe6 11. b3 a4 12. Bb2 Bb4 13. Bg2 0-0 14. 0-0 d5 15. Nf3 a3 16. Bd4 c5 17. Be3 h6 18. Bd2 dxc4 19. Bxb4 cxb3 20. Bxc5 Ba6 21. Qe4 b2 22. Nd4 bxa1Q 23. Rxa1 Qc4 24. Bxf8 Rxf8 25. e6 Bb7 26. Qe5 f6 27. Qe3 Bxg2 28. Kxg2 Re8 29. e7 Nd5 30. Qe6+ Kh8 31. Qc6 Qxc6 32. Nxc6 Kg8 33. Re1 Kf7 34. Nd8+ Kg6 35. Nc6 Kf7 1/2-1/2

[Event "Wotulo Memorial"]
[Site "Jakarta"]
[Date "2001.03.26"]
[Round "5"]
[White "Kosasih, Cecep"]
[Black "Majella, Yoseph Rudijanto"]
[Result "0-1"]
[WhiteElo "2420"]
[BlackElo "2321"]
[PlyCount "62"]
[EventDate "2001.03.23"]
[EventType "tourn"]
[EventRounds "13"]
[EventCountry "INA"]
[EventCategory "8"]
[SourceTitle "CBM 083"]
[Source "ChessBase"]
[SourceDate "2001.07.05"]
[SourceVersion "1"]
[SourceVersionDate "2001.07.05"]
[SourceQuality "1"]

1. d4 d5 2. Nf3 Nf6 3. c4 c6 4. Nc3 dxc4 5. a4 c5 6. d5 Bf5 7. e3 e6 8. Bxc4 exd5 9. Nxd5 Nc6 10. Qb3 Qd7 11. Nxf6+ gxf6 12. Bd2 Rg8 13. Nh4 Be6 14. Bxe6 fxe6 15. 0-0-0 c4 16. Qc2 Ne5 17. Bc3 Nd3+ 18. Kb1 e5 19. f4 e4 20. g3 Rc8 21. Qe2 Rc5 22. f5 Kd8 23. Bxf6+ Kc8 24. Bc3 Qxa4 25. Qg2 Qc6 26. f6 b5 27. f7 Rgg5 28. Rhf1 b4 29. Rf6 Qa4 30. Qh3+ Kc7 31. Rxd3 cxd3 0-1

[Event "Wotulo Memorial"]
[Site "Jakarta"]
[Date "2001.03.25"]
[Round "3"]
[White "Kosasih, Cecep"]
[Black "Juswanto, Denny"]
[Result "1/2-1/2"]
[WhiteElo "2420"]
[BlackElo "2487"]
[PlyCount "176"]
[EventDate "2001.03.23"]
[EventType "tourn"]
[EventRounds "13"]
[EventCountry "INA"]
[EventCategory "8"]
[SourceTitle "CBM 083"]
[Source "ChessBase"]
[SourceDate "2001.07.05"]
[SourceVersion "1"]
[SourceVersionDate "2001.07.05"]
[SourceQuality "1"]

1. d4 Nf6 2. c4 c6 3. Nc3 d5 4. Nf3 g6 5. cxd5 cxd5 6. Bf4 Nc6 7. e3 Bg7 8. Bd3 0-0 9. h3 Qb6 10. Qe2 Nb4 11. Bb1 Bd7 12. Ne5 Be8 13. 0-0 e6 14. Rc1 Nc6 15. Nd3 Na5 16. Nc5 Bc6 17. Bd3 Nh5 18. Bh2 e5 19. N3a4 Bxa4 20. Nxa4 Qb4 21. Nc3 e4 22. Bb1 Nf6 23. Be5 Rac8 24. a3 Qb6 25. Ba2 Nb3 26. Bxb3 Qxb3 27. Qc2 Qxc2 28. Rxc2 Rc6 29. Rac1 Rfc8 30. Bxf6 Bxf6 31. Kf1 Kf8 32. Ke2 Be7 33. Kd1 Rd8 34. Nb5 Rxc2 35. Rxc2 a6 36. Nc3 Ke8 37. Na4 Bd6 38. Nb6 Bb8 39. a4 Ke7 40. a5 Ke6 41. Rc3 Bd6 42. Rb3 Rb8 43. f4 exf3 44. gxf3 Bc7 45. Ke2 f5 46. Kd3 g5 47. e4 fxe4+ 48. fxe4 dxe4+ 49. Kxe4 Rf8 50. Nd5 Bxa5 51. Rxb7 Rf1 52. b4 Re1+ 53. Ne3 Bd8 54. Rxh7 Be7 55. Kf3 Bxb4 56. Rh6+ Ke7 57. Rxa6 Rh1 58. Rh6 Bd2 59. Ng4 Re1 60. Ra6 Bc3 61. Ra3 Bb2 62. Rb3 Ba1 63. Ra3 Kd6 64. Ra6+ Kd7 65. Ne5+ Kc7 66. Nd3 Rh1 67. Nf2 Re1 68. d5 Bd4 69. Rc6+ Kd7 70. Ng4 Rh1 71. Rh6 Rf1+ 72. Ke4 Rf4+ 73. Kd3 Bb2 74. Kc2 Bd4 75. Kb3 Ba1 76. Ra6 Bh8 77. Rh6 Ba1 78. Ka2 Bd4 79. Ka3 Ba1 80. Kb3 Ke7 81. Ra6 Bh8 82. Re6+ Kd7 83. Rh6 Ba1 84. Rh5 Kd6 85. Rxg5 Rf3+ 86. Ka2 Bc3 87. h4 Rd3 88. Nf2 Rxd5 1/2-1/2

[Event "Japfa op"]
[Site "Bali"]
[Date "2000.05.07"]
[Round "5"]
[White "Kosasih, Cecep"]
[Black "Barua, Dibyendu"]
[Result "1/2-1/2"]
[WhiteElo "2365"]
[BlackElo "2555"]
[PlyCount "70"]
[EventDate "2000.05.03"]
[EventType "swiss"]
[EventRounds "9"]
[EventCountry "INA"]
[SourceTitle "CBM 076 Extra"]
[Source "ChessBase"]
[SourceDate "2000.07.11"]
[SourceVersion "1"]
[SourceVersionDate "2000.07.11"]
[SourceQuality "1"]

1. d4 d5 2. c4 dxc4 3. e3 Nf6 4. Bxc4 e6 5. Nf3 c5 6. 0-0 a6 7. Qe2 b5 8. Bb3 Bb7 9. a4 b4 10. Rd1 Qc7 11. Nbd2 Nbd7 12. Nc4 Be7 13. Bd2 0-0 14. Rac1 Bd5 15. Be1 a5 16. Ncd2 Qb7 17. Bxd5 exd5 18. dxc5 Nxc5 19. Ra1 Nfe4 20. Nd4 Nxd2 21. Rxd2 Bf6 22. Qd1 Rac8 23. f3 Rfd8 24. Rc1 Ne6 25. Rxc8 Rxc8 26. Nb5 Rc5 27. h3 Qc6 28. Na7 Qb7 29. Nb5 h5 30. f4 h4 31. Kh2 Qc6 32. Na7 Qe8 33. Nb5 Qc6 34. Na7 Qa8 35. Nb5 Qc6 1/2-1/2

[Event "World Cities"]
[Site "Jakarta "]
[Date "1997.??.??"]
[Round "9"]
[White "Dang, Vu Dung"]
[Black "Kosasih, Cecep"]
[Result "1-0"]
[WhiteElo "2205"]
[BlackElo "2320"]
[PlyCount "129"]
[EventDate "1997.07.08"]
[EventType "swiss"]
[EventRounds "10"]
[EventCountry "INA"]
[SourceTitle "CBM 058 Extra"]
[Source "ChessBase"]
[SourceDate "1997.07.29"]
[SourceVersion "1"]
[SourceVersionDate "1997.07.29"]
[SourceQuality "1"]

1. d4 Nf6 2. Nf3 e6 3. Bg5 h6 4. Bh4 b6 5. e3 Bb7 6. Nbd2 Be7 7. Bd3 0-0 8. 0-0 d6 9. Qe2 Nbd7 10. b4 c5 11. bxc5 dxc5 12. c3 Nd5 13. Bxe7 Qxe7 14. Rfc1 cxd4 15. cxd4 Rac8 16. Bc4 Qa3 17. Qd3 Qxd3 18. Bxd3 N7f6 19. Nc4 Rfd8 20. a3 Rc7 21. Rc2 Rdc8 22. Rac1 Kf8 23. Nd6 Rxc2 24. Rxc2 Rxc2 25. Bxc2 Ba6 26. Ne5 Ke7 27. Ndxf7 Bb5 28. Nh8 a5 29. Nhg6+ Kd8 30. e4 Nc3 31. Nf4 Ke7 32. f3 Ba4 33. Bd3 Bb5 34. Kf2 Bxd3 35. Nfxd3 Nb5 36. Nc4 Nd7 37. Ke3 Nd6 38. Nde5 Nxe5 39. Nxe5 Nb7 40. a4 Kd6 41. Kd3 Kc7 42. Nf7 Kd7 43. h4 Ke7 44. Ne5 Kd6 45. Kc4 Kc7 46. Nf7 Kc6 47. h5 b5+ 48. axb5+ Kb6 49. e5 a4 50. Nd6 Na5+ 51. Kb4 Nb3 52. Nc4+ Kc7 53. Kc3 Nc1 54. Kd2 Na2 55. Nb2 a3 56. Nc4 Nb4 57. Nxa3 Kb6 58. g3 Nd5 59. Kd3 Ne7 60. f4 Nd5 61. Ke4 Nc3+ 62. Kf3 Ka5 63. g4 Nd5 64. f5 Nb4 65. fxe6 1-0